[Event "Schwaebisch Gmuend op"]
[Site "Schwaebisch Gmuend"]
[Date "1997.??.??"]
[Round "9"]
[White "Jurek, Josef"]
[Black "Sonnberger, Reinhard"]
[Result "1/2-1/2"]
[WhiteElo "2390"]
[BlackElo "2230"]

1.Nf3 Nf6 2.c4 g6 3.d4 Bg7 4.g3 O-O 5.Bg2 d6 6.Nc3 Nbd7 7.O-O e5 8.e4 c6
9.h3 Qb6 10.Re1 exd4 11.Nxd4 Re8 12.Na4 Qd8 13.b3 Nc5 14.Nc3 a5 15.Rb1 Qb6
16.Be3 Qb4 17.Qc2 Nfd7 18.Na4 Nxa4 19.bxa4 Qa3 20.Bc1 Qc5 21.Nb3 Qe5 22.Rd1 Nc5
23.Bb2 Qe7 24.Bxg7 Kxg7 25.Nxc5 dxc5 26.Rb3 Rd8 27.Qb2+ Kg8 28.Rxd8+ Qxd8
29.Qe5 Qf8 30.Qc7 Be6 31.Bf1 Rd8 32.Rxb7 Qd6 33.Qxd6 Rxd6 34.Ra7 Rd1 35.Kg2 Bxh3+
36.Kxh3 Rxf1 37.Kg2 Rc1 38.Rxa5 Rxc4 39.e5 Rc2 40.a3 Rc3 41.Ra8+ Kg7 42.Ra7 Kg8
43.f4 h5 44.Kh3 Rxa3 45.Kh4 c4 46.a5 c3 47.Rc7 Rxa5 48.Rxc6 Kg7 49.Rxc3 Ra6
50.Rc7 Re6 51.Kg5 Ra6 52.Re7 Kf8 53.Rd7 Kg7 54.Rd6 Ra5 55.Rb6 Rc5 56.Rb7 Rc6
57.f5 gxf5 58.Kxh5 Re6 59.Rb5 Rg6  1/2-1/2

[Event "Seefeld op"]
[Site "Seefeld"]
[Date "1997.??.??"]
[Round "?"]
[White "Kratochvil, Lutz"]
[Black "Barbero, Gerardo F"]
[Result "0-1"]
[WhiteElo "2150"]
[BlackElo "2435"]

1.Nf3 g6 2.d4 Nf6 3.g3 Bg7 4.Bg2 O-O 5.c4 d6 6.O-O Nbd7 7.Nc3 e5 8.dxe5 dxe5
9.Qc2 c6 10.Rd1 Qe7 11.Ng5 Nc5 12.b4 Ne6 13.Nxe6 Bxe6 14.c5 a5 15.b5 Qxc5
16.bxc6 bxc6 17.Be3 Qc4 18.Rdc1 Ng4 19.Qe4 Qxe4 20.Bxe4 Nxe3 21.fxe3 Rac8
22.Na4 Bd5 23.Bxd5 cxd5 24.Nb6 Rcd8 25.Rc5 e4 26.Rd1 d4 27.Rxa5 dxe3 28.Rxd8 Rxd8
29.Ra8 Rxa8 30.Nxa8 Kf8 31.Kg2 Ke7 32.Nc7 Kd7 33.Nd5 Bd4 34.g4 Kd6 35.Nb4 Bc5
36.Nc2 Kd5 37.Kg3 g5 38.Kg2 Kc4 39.Kf1 Kc3 40.Ne1 Kb2 41.a4 Kb3 42.a5 Kb4
43.a6 Kb5 44.Ng2 Kxa6 45.Ke1 Kb5 46.Kd1 Kc4 47.Kc2 Bb6 48.Kb2 Kd4 49.Kb3 Bc7
50.h3 Bg3 51.Kb4 Bf2 52.Kb3 Ke5 53.Kc4 f5 54.gxf5 Kxf5 55.Kd4 h5 56.Kd5 h4  0-1

[Event "Seefeld op"]
[Site "Seefeld"]
[Date "1997.??.??"]
[Round "?"]
[White "Kratochvil, Lutz"]
[Black "Hoellrigl, Wilfried"]
[Result "1-0"]
[WhiteElo "2150"]
[BlackElo "2205"]

1.d4 Nf6 2.Nf3 g6 3.g3 Bg7 4.Bg2 O-O 5.c4 d6 6.O-O Nbd7 7.Nc3 e5 8.dxe5 dxe5
9.Qc2 Re8 10.Rd1 c6 11.Bg5 Qc7 12.b4 h6 13.Bc1 e4 14.Nd4 e3 15.Bxe3 Rxe3
16.fxe3 Ng4 17.Qe4 Nde5 18.Rac1 f5 19.Qb1 Nxe3 20.c5 Kh7 21.Re1 N5g4 22.Nf3 Be6
23.Nd1 Rd8 24.Nxe3 Nxe3 25.Kf2 Ng4+ 26.Kg1 Qf7 27.Rcd1 Bxa2 28.Qc1 Rxd1 29.Rxd1 Qe7
30.Qd2 Bb3 31.Rb1 Bc4 32.Re1 Ne3 33.h3 Bd5 34.Kf2 Nxg2 35.Kxg2 h5 36.Qd3 h4
37.g4 fxg4 38.hxg4 Qg5 39.Kh3 Qf4 40.Nxh4 Be4 41.Qg3 Qh6 42.g5 Qh5 43.Qf4 Bf5+
44.Kg2 Qg4+ 45.Qxg4 Bxg4 46.Kg3 Be6 47.Rb1 Be5+ 48.Kf2 Kg7 49.Ng2 Bf5 50.e4 Be6
51.Ke3 b6 52.Nf4 Bg4 53.cxb6 axb6 54.Rc1 Bd7 55.Rd1 Bg4 56.Rg1 Bd7 57.Nd3 Bd6
58.Ra1 Kf8 59.e5 Be7 60.Nf4 Bxg5 61.Rg1 Bf5 62.Rxg5  1-0

[Event "Pools schev"]
[Site "Singapore"]
[Date "1997.??.??"]
[Round "4"]
[White "Askali, Nurdin"]
[Black "Iman S, Oscar"]
[Result "1-0"]
[WhiteElo "2320"]
[BlackElo "2340"]

1.d4 Nf6 2.Nf3 g6 3.c4 Bg7 4.g3 d6 5.Bg2 O-O 6.O-O Nbd7 7.Nc3 e5 8.Qc2 c6
9.Rd1 Qc7 10.h3 Re8 11.e4 a6 12.Be3 Qb8 13.a4 a5 14.dxe5 dxe5 15.c5 b6 16.cxb6 Nxb6
17.Nb1 Ba6 18.Na3 Qb7 19.Rd6 Nbd7 20.Rad1 Rac8 21.Nc4 Bxc4 22.Qxc4 h6 23.Nh4 Nf8
24.Bxh6 Bxh6 25.Rxf6 Bg5 26.Rfd6 Bxh4 27.gxh4 Re6 28.Bf3 Rxd6 29.Rxd6 Qe7
30.Qc5 Rb8 31.Rxc6 Qxh4 32.Qxe5 Rb4 33.Bg4 Rxa4 34.Rc8 Ra1+ 35.Kg2 Re1 36.Qe8 Qh6
37.Rc7 Qf4 38.Re7 Rb1 39.Qc8 Rxb2 40.Qc5 Rb8 41.Qxa5 Qf6 42.Qc5 Rd8 43.Kg3 Rd3+
44.Kg2 Rd8 45.Qe5 Qxe5 46.Rxe5 Kg7 47.h4 Rd6 48.Kg3 Rb6 49.h5 gxh5 50.Rxh5 f6  1-0

[Event "Pools schev"]
[Site "Singapore"]
[Date "1997.??.??"]
[Round "8"]
[White "Hsu Li Yang"]
[Black "Iman S, Oscar"]
[Result "1-0"]
[WhiteElo "2390"]
[BlackElo "2340"]

1.d4 Nf6 2.c4 g6 3.g3 Bg7 4.Bg2 d6 5.Nf3 O-O 6.O-O Nbd7 7.Qc2 c6 8.Rd1 Re8
9.e4 e5 10.dxe5 dxe5 11.h3 Qe7 12.b3 Bf8 13.Bb2 Nh5 14.Nbd2 f6 15.Nf1 Ng7
16.Ne3 Ne6 17.Bc3 Qf7 18.h4 c5 19.Nd5 Nb6 20.Bd2 Nxd5 21.cxd5 Nd4 22.Nxd4 cxd4
23.Qd3 Bd7 24.f4 Rac8 25.Rf1 Qe7 26.h5 Qd6 27.hxg6 hxg6 28.fxe5 fxe5 29.Qf3 Qe7
30.Rf2 Bg7 31.Bb4 Qxb4 32.Qf7+ Kh7 33.Bf3  1-0

[Event "Pools schev"]
[Site "Singapore"]
[Date "1997.??.??"]
[Round "10"]
[White "Hsu Li Yang"]
[Black "Rogers, Ian"]
[Result "0-1"]
[WhiteElo "2390"]
[BlackElo "2600"]

1.d4 Nf6 2.c4 g6 3.g3 Bg7 4.Bg2 O-O 5.Nf3 d6 6.O-O c6 7.Nc3 Qa5 8.d5 cxd5
9.cxd5 Bd7 10.Nd4 Rc8 11.h3 Na6 12.e4 Be8 13.Bg5 h6 14.Be3 Nd7 15.Qd2 Kh7
16.Rad1 Ne5 17.Qe2 Nc4 18.Nc6 bxc6 19.Qxc4 c5 20.Bd2 Rab8 21.Rb1 Nc7 22.Rfe1 Rb4
23.Qe2 Rb7 24.e5 Nb5 25.Qg4 Qd8 26.Nxb5 Bxb5 27.Bc3 Rcb8 28.f4 Bd3 29.Rbd1 c4
30.Rd2 Rb5 31.Kh2 Ra5 32.a3 Rb3 33.Bxa5 Qxa5 34.Qd1 h5 35.Be4 h4 36.gxh4 Bh6
37.Rf2 Qb6 38.Kg2 Rxb2 39.Qf3 Rb3 40.Bxd3 Rxd3 41.Qe4 Rd4 42.Qc2 Qa5 43.Qe2 c3
44.exd6 exd6 45.h5 Qxd5+ 46.Qf3 Qf5 47.hxg6+ Qxg6+ 48.Kf1 c2 49.Qe3 Rd1 50.f5 Qh5  0-1

[Event "RUS-Cup8"]
[Site "Smolensk"]
[Date "1997.??.??"]
[Round "2"]
[White "Dokuchaev, Aleksander"]
[Black "Meshkov, Yuri A"]
[Result "1/2-1/2"]
[WhiteElo "2440"]
[BlackElo "2295"]

1.d4 g6 2.Nf3 Bg7 3.g3 Nf6 4.c4 O-O 5.Bg2 d6 6.O-O Nc6 7.Nc3 a6 8.Re1 Rb8
9.Rb1 Bg4 10.h3 Bxf3 11.exf3 Nd7 12.Be3 e6 13.f4 Ne7 14.g4 b5 15.b3  1/2-1/2

[Event "RUS-Cup8"]
[Site "Smolensk"]
[Date "1997.??.??"]
[Round "2"]
[White "Skatchkov, Pavel"]
[Black "Yurtaev, Leonid"]
[Result "0-1"]
[WhiteElo "2370"]
[BlackElo "2495"]

1.d4 Nf6 2.c4 g6 3.Nf3 Bg7 4.g3 O-O 5.Bg2 d6 6.O-O Nbd7 7.Nc3 e5 8.e4 exd4
9.Nxd4 Re8 10.Re1 Nc5 11.Nb3 Ng4 12.Nxc5 dxc5 13.Qxd8 Rxd8 14.Nd5 Bd4 15.Re2 Be6
16.h3 c6 17.hxg4 cxd5 18.exd5 Bxg4 19.Re1 Re8 20.Be3 Bxb2 21.Rab1 Bc3 22.Rec1 Bb4
23.Rb3 a5 24.Bf4 a4 25.Re3 Rxe3 26.Bxe3 Kf8 27.Bf4 Ke8 28.d6 Ra7 29.Ra1 a3
30.Bd5 Be6 31.Bxe6 fxe6 32.d7+ Kxd7 33.Rd1+ Kc8 34.Rd6 Ra4 35.Be3 e5 36.Re6 Bc3
37.Bxc5 Bd4 38.Re8+ Kd7 39.Re7+ Kc6 40.Bxd4 exd4 41.c5 d3 42.Kf1 Rb4  0-1

[Event "RUS-Cup8"]
[Site "Smolensk"]
[Date "1997.??.??"]
[Round "3"]
[White "Filippov, Valerij"]
[Black "Zaitsev, Igor A"]
[Result "1/2-1/2"]
[WhiteElo "2510"]
[BlackElo "2450"]

1.Nf3 Nf6 2.c4 g6 3.d4 Bg7 4.g3 O-O 5.Bg2 d6 6.Nc3 Nc6 7.d5 Na5 8.Nd2 c6
9.O-O cxd5 10.cxd5 Bd7 11.Nf3 Nc4 12.Qd3 Rc8 13.b3 Nb6 14.Nd4 Rxc3 15.Qxc3 Nbxd5
16.Qd2 Qb6 17.Bb2 Nb4 18.Rfd1 d5 19.a3 Nc6 20.Nxc6 Bxc6 21.b4 e5 22.Bxe5 Ne4
23.Bxe4 Bxe5 24.Bxd5 Bxd5 25.Qxd5 Bxa1 26.Rxa1 Rd8 27.Qg5 Qd4 28.Rc1 Qd2
29.h4 h6 30.Qxd2 Rxd2 31.e3 Ra2 32.Rc3 h5 33.Kg2 a6 34.e4 b6 35.Kf3 a5 36.Rb3 axb4
37.axb4 Rc2 38.Rd3 Rb2 39.Rd4 Kf8 40.Ke3 Ke7 41.f3 Ke6 42.Kf4 f6 43.g4 hxg4
44.fxg4 b5 45.g5 fxg5+ 46.hxg5 Rb1 47.Ke3 Rb3+ 48.Kd2 Ke5  1/2-1/2

[Event "RUS-Cup8"]
[Site "Smolensk"]
[Date "1997.??.??"]
[Round "4"]
[White "Burmakin, Vladimir"]
[Black "Yurtaev, Leonid"]
[Result "1/2-1/2"]
[WhiteElo "2530"]
[BlackElo "2495"]

1.d4 Nf6 2.c4 g6 3.g3 Bg7 4.Bg2 O-O 5.Nf3 d6 6.O-O Nbd7 7.Nc3 e5 8.e4 exd4
9.Nxd4 Nc5 10.h3 Re8 11.Re1 h6 12.Nb3 Be6 13.e5 Nfd7 14.exd6 cxd6 15.Nb5 Ne5
16.Nxd6 Ncd3 17.Nxe8 Nxe1 18.Qxe1 Qxe8 19.Bxh6 Bxh6 20.Qxe5 Bxc4 21.Qxe8+ Rxe8
22.Na5 b5 23.b3 Be6 24.Nc6 a6 25.Re1 Kf8 26.Nd4 Bd7 27.Rxe8+ Bxe8 28.b4 Bg7
29.Nb3 Bc3 30.Bb7 Bxb4 31.Bxa6 Bc3 32.Kf1 Ke7 33.Ke2 Kd6 34.Bb7 Bd7 35.g4 Be6
36.f4 Bc4+ 37.Ke3 Be1 38.Bg2 f6 39.Be4 g5 40.fxg5 fxg5 41.Bd3  1/2-1/2

[Event "RUS-Cup8"]
[Site "Smolensk"]
[Date "1997.??.??"]
[Round "5"]
[White "Tregubov, Pavel V"]
[Black "Zaitsev, Igor A"]
[Result "1-0"]
[WhiteElo "2525"]
[BlackElo "2450"]

1.d4 Nf6 2.Nf3 g6 3.c4 Bg7 4.g3 O-O 5.Bg2 d6 6.O-O Bd7 7.Nc3 Nc6 8.d5 Na5
9.b3 c5 10.Bf4 a6 11.Qd3 b5 12.Rac1 Rb8 13.e4 bxc4 14.bxc4 Rb4 15.Nd1 Qc7
16.Re1 Ra4 17.Re2 Rb8 18.h3 Nh5 19.Bg5 h6 20.Be3 Nf6 21.Rec2 Nxe4 22.Qxe4 Bf5
23.Qf4 Bxc2 24.Rxc2 Rb1 25.Bc1 Ra1 26.Kh2 R1xa2 27.Bb2 g5 28.Nxg5 hxg5 29.Qxg5 Rxb2
30.Nxb2 Ra2 31.Re2 Kf8 32.Re4 Bf6 33.Qh6+ Bg7 34.Qh7 e5 35.dxe6 fxe6 36.Rf4+  1-0

[Event "RUS-Cup8"]
[Site "Smolensk"]
[Date "1997.??.??"]
[Round "6"]
[White "Kharitonov, Andrei Y"]
[Black "Iskusnyh, Sergei"]
[Result "1-0"]
[WhiteElo "2520"]
[BlackElo "2440"]

1.d4 Nf6 2.Nf3 g6 3.c4 Bg7 4.g3 O-O 5.Bg2 d6 6.O-O c6 7.Nc3 Qb6 8.e3 Be6
9.b3 d5 10.Ne5 Na6 11.Ba3 Qa5 12.Qc1 Nb4 13.Na4 dxc4 14.Nc5 cxb3 15.axb3 Qb5
16.Nxe6 fxe6 17.Bh3 Nd3 18.Bxe6+ Kh8 19.Nxd3 Qxd3 20.Bxe7 Rfe8 21.Bc4 Qf5
22.Bb4 Qh3 23.f3 b5 24.Bd3 Nd5 25.Bd2 Re6 26.Rf2 Rae8 27.Be4 Nf6 28.Rxa7 Nxe4
29.fxe4 Rxe4 30.Qxc6 b4 31.Ra8  1-0

[Event "RUS-Cup8"]
[Site "Smolensk"]
[Date "1997.??.??"]
[Round "7"]
[White "Newerovski, Gennadi"]
[Black "Rogovoi, Mark"]
[Result "1-0"]
[WhiteElo "2370"]
[BlackElo "2210"]

1.d4 Nf6 2.Nf3 g6 3.c4 Bg7 4.g3 O-O 5.Bg2 d6 6.Nc3 Nbd7 7.O-O e5 8.e4 c6
9.h3 Qa5 10.Be3 b5 11.cxb5 cxb5 12.dxe5 dxe5 13.Nd2 b4 14.Nb3 Qd8 15.Nd5 a5
16.Rc1 Ba6 17.Re1 Nxd5 18.Qxd5 Nf6 19.Qxd8 Rfxd8 20.Bb6 Rdc8 21.Bxa5 Bc4
22.Bxb4 Rxa2 23.Bf1 Be6 24.Nc5 Rxb2 25.Nxe6 Rxc1 26.Rxc1 fxe6 27.Rc8+ Kf7
28.Rc7+ Kg8 29.Bc3 Rb1 30.f3 Nh5 31.Kf2 Bf6 32.Bc4 Rb6 33.h4 h6 34.Kg2 g5
35.hxg5 hxg5 36.Kh3 Ng7 37.Kg4 Kh7 38.Ba5 Rd6 39.Bb4 Rd4 40.Bc3 Rd6 41.Rc5 Be7
42.Bxe5  1-0

[Event "RUS-Cup8"]
[Site "Smolensk"]
[Date "1997.??.??"]
[Round "8"]
[White "Burmakin, Vladimir"]
[Black "Nadyrhanov, S."]
[Result "1/2-1/2"]
[WhiteElo "2530"]
[BlackElo "2480"]

1.d4 Nf6 2.c4 g6 3.g3 Bg7 4.Bg2 O-O 5.Nf3 d6 6.O-O Nbd7 7.Nc3 e5 8.e4 exd4
9.Nxd4 Re8 10.h3 Nc5 11.Re1 h6 12.Nb3 Be6 13.e5 Nfd7 14.exd6 cxd6 15.Nb5 Ne5
16.Nxd6 Ncd3 17.Nxe8 Nxe1 18.Qxe1 Qxe8 19.Bxh6 Bxh6 20.Qxe5 Bxc4 21.Qc7 Qc8
22.Qxb7 Qxb7 23.Bxb7 Rb8 24.Bg2 Bg7 25.Rc1 Bxb3 26.axb3 Rxb3 27.Bd5 Rxb2
28.Rc7 a5 29.Bxf7+ Kh7 30.Rc4 Bf6 31.h4 Rb4 32.Rc7 a4 33.Be8+ Kh6 34.Rc6 Kg7
35.Ra6 Bd4 36.Rxa4 Rxa4 37.Bxa4 Kh6 38.Kg2 g5 39.hxg5+ Kxg5 40.f4+ Kf6 41.g4 Be3
42.Kf3 Bc1 43.g5+ Kg7 44.Kg4 Ba3 45.Be8 Bb4 46.Kf3 Bd2 47.Kg4 Bb4 48.f5 Be7  1/2-1/2

[Event "White Nights op"]
[Site "St Petersburg"]
[Date "1997.??.??"]
[Round "?"]
[White "Nikolaev, Sergej"]
[Black "Kochyev, Alexander"]
[Result "0-1"]
[WhiteElo "2375"]
[BlackElo "2435"]

1.d4 Nf6 2.c4 g6 3.Nf3 Bg7 4.g3 O-O 5.Bg2 d6 6.O-O Nbd7 7.Nc3 e5 8.e3 c6
9.b3 Re8 10.Bb2 e4 11.Nd2 d5 12.cxd5 cxd5 13.f3 exf3 14.Qxf3 Nb6 15.e4 Bg4
16.Qf4 dxe4 17.Ncxe4 Bf5 18.Nxf6+ Bxf6 19.g4 Bg5 20.Qf3 Re3 21.Qxb7 Re7 22.Qf3 Re3
23.Qb7 Re7 24.Qa6 Bc8 25.Qa5 Re2 26.Rad1 Bxg4 27.Ne4 Rxb2 28.Nxg5 Bxd1 29.Qe5 Rxg2+
30.Kxg2 Qd5+  0-1

[Event "Stockholm"]
[Site "Stockholm"]
[Date "1997.??.??"]
[Round "5"]
[White "Engqvist, Thomas"]
[Black "Laveryd, Peter"]
[Result "0-1"]
[WhiteElo "2355"]
[BlackElo "2440"]

1.d4 Nf6 2.Nf3 g6 3.c4 Bg7 4.g3 O-O 5.Bg2 d6 6.O-O Nbd7 7.Nc3 e5 8.h3 c6
9.e4 Qb6 10.Re1 exd4 11.Nxd4 Ng4 12.Nce2 Nge5 13.b3 Nc5 14.Be3 a5 15.Nc3 a4
16.Rb1 axb3 17.axb3 Qb4 18.Qc2 Re8 19.Red1 Ned7 20.Ncb5 cxb5 21.Nxb5 Ne6
22.Rd5 Nf6 23.Bd2 Nxd5 24.Bxb4 Nxb4 25.Qd2 Nc6 26.f4 Rd8 27.Nc3 Ned4 28.g4 Ra3
29.Qd1 Be6 30.Na4 Ra2 31.f5 Bd7 32.Nc3 Rc2 33.Nb5 Be5 34.Bf1 Ra8 35.Bd3 Rd2
36.Qf1 Nxb5 37.cxb5 Raa2 38.bxc6 Bd4+  0-1

[Event "SVK-chT3a 9697"]
[Site "?"]
[Date "1997.??.??"]
[Round "7"]
[White "Heinrich, Jan"]
[Black "Kasanicky, Richard"]
[Result "1-0"]
[WhiteElo "2050"]
[BlackElo "2230"]

1.d4 Nf6 2.Nf3 g6 3.g3 Bg7 4.Bg2 d6 5.c4 O-O 6.O-O Nbd7 7.Nc3 e5 8.b3 Ne8
9.dxe5 Nxe5 10.Bb2 Rb8 11.Qd2 Bg4 12.Nxe5 Bxe5 13.f4 Bg7 14.h3 Be6 15.e4 f5
16.Rae1 Qc8 17.exf5 Bxf5 18.Nd5 Kh8 19.Re7 Rg8 20.Rfe1 Bd7 21.Bxg7+ Rxg7
22.Qd4 Bc6 23.Nxc7  1-0

[Event "SVK-chT1W 9798"]
[Site "SVK"]
[Date "1997.??.??"]
[Round "?"]
[White "Markos, Jan"]
[Black "Dlhy, J."]
[Result "1/2-1/2"]
[WhiteElo "2005"]
[BlackElo "2080"]

1.d4 Nf6 2.c4 g6 3.g3 Bg7 4.Bg2 d6 5.Nf3 O-O 6.Nc3 Nbd7 7.O-O e5 8.e4 c6
9.h3 exd4 10.Nxd4 Re8 11.Be3 Nc5 12.Qc2 Qe7 13.Rfe1 Bd7 14.f4 Ncxe4 15.Bf2 d5
16.cxd5 cxd5 17.Nxd5 Nxd5 18.Bxe4 Qd6 19.Rad1 Bc6 20.Nxc6 bxc6 21.Rd2 Qd7
22.Kh2 Rab8 23.Bxd5 cxd5 24.Rxe8+ Rxe8 25.Qc5 d4 26.Qc4 Rd8 27.Rd3 h5 28.Qb4 Qd5
29.Qe7 Rd7 30.Qe8+ Kh7 31.g4 Rd8 32.Qe7 Rd7 33.Qe8 Rd8 34.Qe7 Rd7 35.Qe2 Bf6
36.gxh5 Qxh5 37.Qxh5+ gxh5 38.Kg3 Kg6 39.Kf3 Kf5 40.b4 a6 41.a4 Rd5 42.Be1 Bg7
43.Bd2 Bf8 44.Rb3 Bd6 45.b5 axb5 46.axb5 Bb8 47.b6 Rc5 48.Rb4 Rd5 49.Rb1 Rc5
50.Rg1 f6 51.Rg8 Rc2 52.Bb4 Rb2 53.Bc5 Rb3+ 54.Kg2 Bxf4 55.Bxd4 Rb4 56.Rd8 Be5
57.Bxe5 fxe5 58.Rb8 Rb2+ 59.Kg3 Rb4 60.b7 h4+ 61.Kf3 Rb3+ 62.Ke2 Ke4 63.Kd2 Rb6
64.Kc3 Ke3 65.Kc4 e4 66.Kd5 Rb1 67.Ke5 Rb5+ 68.Kd6 Ke2 69.Kc6 Rb1 70.Rh8 e3
71.b8=Q Rxb8 72.Rxb8 Kf2 73.Re8 e2 74.Kd5 e1=Q 75.Rxe1 Kxe1 76.Ke4 Ke2 77.Kf4 Kd3
78.Kg4 Ke4 79.Kxh4 Kf5  1/2-1/2

[Event "SVK-chT 9697"]
[Site "SVK"]
[Date "1997.??.??"]
[Round "1"]
[White "Marinic Kragic, Miroslav"]
[Black "Manik, Mikulas"]
[Result "0-1"]
[WhiteElo "2200"]
[BlackElo "2395"]

1.d4 Nf6 2.Nf3 g6 3.c4 Bg7 4.g3 O-O 5.Bg2 d6 6.Nc3 Nc6 7.O-O a6 8.b3 Rb8
9.Bb2 b5 10.cxb5 axb5 11.d5 Na5 12.Nd4 b4 13.Na4 e5 14.Nc2 Bd7 15.Ne3 Bh6
16.Bc1 Nb7 17.Nc4 Bxc1 18.Rxc1 Bxa4 19.bxa4 Nd7 20.Qd2 b3 21.axb3 Nbc5 22.Qh6 Nxb3
23.Rc3 Nd4 24.Re1 Rb4 25.g4 Qf6 26.Ne3 Rb1 27.Kf1 Rxe1+ 28.Kxe1 Nc5 29.g5 Qf4
30.Nd1 Qg4 31.Bf1 Nf5 32.Qh3 Qxg5 33.e3 Nxa4 34.Rxc7 Qd8 35.Ra7 Nc5 36.Qg4 Qb6
37.Ra1 Nd4 38.exd4 Qb4+ 39.Ke2 Nb3 40.Kf3 e4+ 41.Kg2 Nxa1 42.Qxe4 Nb3 43.Ne3 Qxd4
44.Qe7 Qe5 45.Qxe5 dxe5 46.Nc4 f6 47.Nb6 Nd2 48.Ba6 Rd8 49.Bc8 Ne4 50.Kf3 Nd6
51.Bh3  0-1

[Event "SVK-chT 9798"]
[Site "SVK"]
[Date "1997.??.??"]
[Round "3"]
[White "Tibensky, Robert"]
[Black "Kundrik, Peter"]
[Result "1/2-1/2"]
[WhiteElo "2420"]
[BlackElo "2115"]

1.d4 Nf6 2.Nf3 g6 3.c4 Bg7 4.g3 d6 5.Bg2 O-O 6.O-O Nc6 7.d5 Na5 8.Qa4 c5
9.Bd2 b6 10.Bc3 Bd7 11.Qc2 Bf5 12.Qc1 Rc8 13.Nbd2 a6 14.Re1 e5 15.dxe6 Bxe6
16.Ng5 Bf5 17.Nge4 Re8 18.Nxf6+ Bxf6 19.b3 Nc6 20.Qb2 Bxc3 21.Qxc3 Nd4 22.e4 Bg4
23.h3 Qf6 24.Kh1 Bd7 25.f4 Qg7 26.Nf3 Nxf3 27.Qxf3 Bc6 28.Qd3 Rcd8 29.Rad1 Qf6
30.Re2 Qe7 31.Kh2 f6 32.Qc3 b5 33.Rde1 b4 34.Qb2 Qf7 35.h4 Ba8 36.Re3 Qg7
37.Qd2 Qc7 38.Qe2 a5 39.Qg4 Qd7 40.Qd1 Qc7 41.Rd3 Qe7 42.Re2 Bc6 43.Rde3 Qb7
44.Qe1 Qa8 45.Bh3 Qb8 46.Qf2 Kg7 47.Re1 Re7 48.Bg2 Qb7 49.Qb2 Kf7 50.Qd2 Ree8
51.R1e2 Qa8 52.Qe1 Kg7 53.Qh1 Kh8 54.Kg1 Bb7 55.h5 Kg7 56.Qh4 Qb8 57.Bf3 Qc7
58.Rh2 Rh8 59.Rd3 Qe7 60.Re2 Rb8 61.Kf2 g5 62.h6+  1/2-1/2

[Event "SVK-chT 9697"]
[Site "SVK"]
[Date "1997.??.??"]
[Round "5"]
[White "Trichkov, Vasil"]
[Black "Manik, Mikulas"]
[Result "1-0"]
[WhiteElo "2380"]
[BlackElo "2395"]

1.d4 Nf6 2.Nf3 g6 3.g3 Bg7 4.Bg2 O-O 5.c4 d6 6.O-O Nc6 7.Nc3 a6 8.Bd2 Bd7
9.b3 Rb8 10.Rc1 b5 11.d5 Na5 12.Nxb5 Nxb3 13.axb3 axb5 14.Ba5 bxc4 15.Rxc4 Rb5
16.Bxc7 Qa8 17.Nd4 Rxd5 18.e4 Re5 19.Nf3 Bg4 20.Qb1 Bxf3 21.Bxf3 Nd7 22.Bg2 Qa7
23.b4 Rb5 24.Ba5 Ne5 25.Rc7 Rb7 26.Rfc1 Bh6 27.Rxb7 Qxb7 28.Rc7 Qb5 29.Qc2 e6
30.h3 f5 31.f4 Nf7 32.exf5 gxf5 33.Rb7 Qa6 34.Kh2 e5 35.Qxf5 exf4 36.g4 Qe2
37.Qd5 f3 38.Qxf3 Qe5+ 39.Kh1 Rc8 40.Qxf7+  1-0

[Event "SVK-chT2 9697"]
[Site "SVK"]
[Date "1997.??.??"]
[Round "9"]
[White "Mokos, Jozef"]
[Black "Hlinka, Vasil"]
[Result "1/2-1/2"]
[WhiteElo "2265"]
[BlackElo "2070"]

1.Nf3 Nf6 2.c4 g6 3.d4 Bg7 4.g3 O-O 5.Bg2 d6 6.Nc3 Bg4 7.h3 Bxf3 8.Bxf3 Nc6
9.O-O Nd7 10.e3 e5 11.Bxc6 bxc6 12.dxe5 Nxe5 13.Qe2 Qc8 14.f4 Nd7 15.Bd2 f5
16.Qg2 Qa6 17.b3 Nc5 18.Rae1 Rae8 19.g4  1/2-1/2

[Event "SVK-chT1E 9798"]
[Site "SVK"]
[Date "1997.??.??"]
[Round "10"]
[White "Tibensky, Robert"]
[Black "Hagarova, Zuzana"]
[Result "1-0"]
[WhiteElo "2435"]
[BlackElo "2305"]

1.d4 Nf6 2.Nf3 g6 3.c4 Bg7 4.g3 O-O 5.Bg2 d6 6.O-O c6 7.Nc3 Qa5 8.e4 Qh5
9.e5 dxe5 10.Nxe5 Qxd1 11.Rxd1 Nfd7 12.Nf3 Nb6 13.b3 N8d7 14.Be3 Nf6 15.h3 Bf5
16.Rac1 Rad8 17.a4 Na8 18.a5 Nc7 19.b4 h6 20.Ne5 Nd7 21.f4 Nxe5 22.dxe5 a6
23.Bb6 Rxd1+ 24.Rxd1 Rc8 25.b5 Ne6 26.bxc6 bxc6 27.Rd2 h5 28.h4 f6 29.exf6 Bxf6
30.Ne4 Bg7 31.Nf2 Kf7 32.Nd3 Bc3 33.Rd1 Kf6 34.Ne5 Bxe5 35.fxe5+ Kxe5 36.Rd7 Bd3
37.Rxd3  1-0

[Event "Piatka op"]
[Site "Swidnica"]
[Date "1997.??.??"]
[Round "?"]
[White "Rustemov, Alexander"]
[Black "Zielinska, Marta"]
[Result "1-0"]
[WhiteElo "2550"]
[BlackElo "2295"]

1.d4 Nf6 2.Nf3 g6 3.c4 Bg7 4.g3 d6 5.Bg2 O-O 6.Nc3 Nc6 7.O-O a6 8.b3 Rb8
9.Nd5 b5 10.Nxf6+ Bxf6 11.Bh6 Re8 12.Rc1 Bd7 13.e3 e6 14.Qd2 Qe7 15.cxb5 axb5
16.Rc2 Rb6 17.Rfc1 Rc8 18.Ne1 Qe8 19.Nd3 Bd8 20.h4 Ne7 21.e4 Bc6 22.Be3 Rbb8
23.Bg5 Bb7 24.Nb4 Qf8 25.d5 f6 26.Bf4 exd5 27.exd5 Qf7 28.Rd1 Kh8 29.Qd3 Ng8
30.Qxb5 c5 31.dxc6 Bxc6 32.Qc4 d5 33.Nxd5 Bxd5 34.Bxd5 Rxc4 35.Bxf7 Rxc2
36.Bxb8 Ne7 37.a4 Kg7 38.Bc4 Nc6 39.Bf4  1-0

[Event "SWZ-chT9697"]
[Site "SWZ"]
[Date "1997.??.??"]
[Round "?"]
[White "Cvitan, Ognjen"]
[Black "Weindl, Alfred"]
[Result "1-0"]
[WhiteElo "2550"]
[BlackElo "2335"]

1.Nf3 Nf6 2.d4 g6 3.c4 Bg7 4.g3 O-O 5.Bg2 d6 6.O-O Nbd7 7.Nc3 e5 8.e4 c6
9.h3 Qb6 10.Re1 exd4 11.Nxd4 Ne8 12.Nce2 Ne5 13.b3 f5 14.exf5 gxf5 15.Be3 Qc7
16.Nf4 Qf7 17.Rc1 Nf6 18.Qc2 Nh5 19.Rcd1 Nxf4 20.Bxf4 a5 21.c5 dxc5 22.Bxe5 cxd4
23.Bxg7 Kxg7 24.Rxd4 Kh8 25.Rd6 f4 26.Re5 fxg3 27.fxg3 Bf5 28.Qe2 Qg7 29.g4 Bg6
30.Re7 Qa1+ 31.Kh2 a4 32.Rxg6 hxg6 33.Qe3  1-0

[Event "SWZ-chT9697"]
[Site "SWZ"]
[Date "1997.??.??"]
[Round "?"]
[White "Ammann, Walter"]
[Black "Fioramonti, Hung"]
[Result "0-1"]
[WhiteElo "2280"]
[BlackElo "2360"]

1.d4 Nf6 2.Nf3 g6 3.g3 Bg7 4.Bg2 O-O 5.c4 d6 6.O-O c6 7.Nc3 Qa5 8.h3 Be6
9.d5 cxd5 10.Nd4 Bd7 11.cxd5 Rc8 12.Be3 Na6 13.a3 Rc4 14.Nb3 Qd8 15.Qd3 Qc8
16.Kh2 Bf5 17.Qd2 Ne4 18.Nxe4 Bxe4 19.Bxe4 Rxe4 20.Rac1 Rc4 21.Na5 Rc7 22.Rxc7 Qxc7
23.Rc1 Qd7 24.Qc2 h5 25.b4 Bf6 26.Qb3 Kg7 27.Rc2 Be5 28.Kg2 f5 29.Qd3 Bf6
30.h4 Be5 31.f4 Bf6 32.Qc4 Kf8 33.Bd4 Bxd4 34.Qxd4 Kf7 35.Qc4 Rd8 36.Nb3 Qa4
37.b5 Qxc4 38.Rxc4 Nc5 39.Nd4 Ra8 40.Rb4 Rc8 41.Rc4 Ra8 42.Rb4 Nd7 43.Rc4 Nb6
44.Rc7 Rb8 45.Ne6 Nxd5 46.Ng5+ Ke8 47.Rc1 Kd7 48.Kf3 Rc8 49.Rxc8 Kxc8 50.Ne6 Kd7
51.Nd4 Nc3 52.Ke3 e5 53.fxe5 dxe5 54.Nf3 Kd6  0-1

[Event "SWZ-chT9697"]
[Site "SWZ"]
[Date "1997.??.??"]
[Round "?"]
[White "Ammann, Walter"]
[Black "Fejzullahu, Afrim"]
[Result "0-1"]
[WhiteElo "2280"]
[BlackElo "2290"]

1.d4 Nf6 2.Nf3 g6 3.g3 Bg7 4.Bg2 O-O 5.c4 d6 6.O-O c6 7.Nc3 Qc7 8.h3 Re8
9.e4 e5 10.d5 Na6 11.Be3 Bd7 12.Qe2 cxd5 13.cxd5 Nc5 14.Rfc1 a5 15.Ne1 b6
16.Rab1 a4 17.Nc2 h5 18.Na3 Nh7 19.Ncb5 Qb8 20.f3 f5 21.Bd2 Rf8 22.b4 axb3
23.axb3 f4 24.b4 Na6 25.g4 hxg4 26.hxg4 Ng5 27.Rc6 Bxc6 28.dxc6 Rf7 29.Qc4 Bf8
30.Rc1 Nc7 31.Nxc7 Qxc7 32.Nb5 Qe7 33.Nc3 Ne6 34.Be1 Nd4 35.Bf2 Rc8 36.Bxd4 exd4
37.Nd5 Qa7 38.b5 Bg7 39.Bf1 Be5 40.Bd3 Kg7 41.Bc2 Rff8 42.Bb3 d3 43.Nb4 d2
44.Rd1 Qe7 45.Rxd2 Qh4 46.Rf2 Qh3 47.c7 Qh4 48.Kf1 Qh1+ 49.Ke2 Qa1 50.Na6 Bd4
51.Rf1 Qb2+ 52.Kd3 Be5 53.Qd5 Qg2 54.Rc1 Qxf3+ 55.Kc4 Qxg4 56.Kb4 f3 57.Qe6 Qxe4+
58.Bc4 f2 59.Qd7+ Kh6 60.Qh3+ Kg5 61.Kb3 Rf3+  0-1

[Event "SWZ-chT9697"]
[Site "SWZ"]
[Date "1997.??.??"]
[Round "?"]
[White "Cvitan, Ognjen"]
[Black "Gallagher, Joseph G"]
[Result "1/2-1/2"]
[WhiteElo "2550"]
[BlackElo "2545"]

1.d4 Nf6 2.Nf3 g6 3.c4 Bg7 4.g3 O-O 5.Bg2 d6 6.O-O Nbd7 7.Nc3 e5 8.e4 exd4
9.Nxd4 a6 10.h3 Re8 11.Re1 Nc5 12.Rb1 h6 13.f3 Ne6 14.Be3 Nxd4 15.Bxd4 Be6
16.Qd3 Qd7 17.Kh2 b5 18.b3 c5 19.Bf2 Rab8 20.f4 bxc4 21.bxc4 Qc7 22.Red1 Rxb1
23.Rxb1 Bd7 24.Be1 Bc6 25.Bd2 h5 26.Nd5 Nxd5 27.exd5  1/2-1/2

[Event "EST-ch"]
[Site "Tallinn"]
[Date "1997.??.??"]
[Round "1"]
[White "Sergejev, Roman"]
[Black "Sepp, Olav"]
[Result "1/2-1/2"]
[WhiteElo "2370"]
[BlackElo "2425"]

1.Nf3 Nf6 2.c4 g6 3.d4 Bg7 4.g3 O-O 5.Bg2 d6 6.O-O Nbd7 7.Nc3 e5 8.e4 c6
9.b3 h6 10.Re1 Nh7 11.Be3  1/2-1/2

[Event "EU-ch U16"]
[Site "Tallinn"]
[Date "1997.??.??"]
[Round "5"]
[White "Vavrak, Peter"]
[Black "Sargissian, Gabriel"]
[Result "1-0"]
[WhiteElo "2245"]
[BlackElo "2295"]

1.d4 Nf6 2.Nf3 g6 3.c4 Bg7 4.g3 O-O 5.Bg2 d6 6.O-O Nbd7 7.Nc3 e5 8.e4 c6
9.h3 Qb6 10.c5 dxc5 11.dxe5 Ne8 12.e6 fxe6 13.Ng5 Ne5 14.f4 Nf7 15.Nxf7 Bd4+
16.Kh2 Rxf7 17.e5 Nc7 18.Ne4 Nd5 19.Qc2 Nb4 20.Qe2 Qa6 21.Qg4 Nc2 22.Rb1 Kg7
23.Qh4 h5 24.Nd6 Rf5 25.Nxf5+ gxf5 26.Qxh5 Qxa2 27.Qg5+ Kf8 28.Qd8+ Kg7 29.Bf3 Bd7
30.Qxd7+ Kh8 31.Bd2 Rg8 32.Qxb7 c4 33.Qxc6 c3 34.Bxc3 Bb6 35.Bd2 Nd4 36.Qc3 Qa4
37.Be3 Qd7 38.Bxd4 Qg7 39.Rg1 Rc8 40.Qxc8+  1-0